000 00732nam a2200241 i 4500
001 16307
003 ES-MaACL
005 20230906151304.0
007 t|
008 000828s1995 sp ||||1| spa d
020 _a84-493-0181-5
080 _a316.644:316.356.4
100 1 _aFernández Buey, Francisco.
_949526
245 1 3 _aLa barbarie
_b: de ellos y los nuestros /
_cFrancisco Fernández Buey.
250 _a1ª ed.
260 _aBarcelona :
_bPaidós Ibérica,
_c1995.
300 _a283 p. ;
_c21 cm.
490 1 _aPaidós biblioteca del presente ;
_v4
650 1 4 _aEtnocentrismo.
_912600
830 0 _aPaidós biblioteca del presente ;
_v4
_9179759
852 _aES-MaACL
_jL-23577
_bR.128668
999 _c16307
_d16307